Intorduction to the economics of water resources (Record no. 104332)
[ view plain ]
| 000 -LEADER | |
|---|---|
| fixed length control field | 00727cam a2200193 4500 |
| 001 - CONTROL NUMBER | |
| control field | L130027 |
| 008 - FIXED-LENGTH DATA ELEMENTS--GENERAL INFORMATION | |
| fixed length control field | 050616n1997 000 0 eng u |
| 020 ## - INTERNATIONAL STANDARD BOOK NUMBER | |
| International Standard Book Number | 1857286375 |
| 035 ## - SYSTEM CONTROL NUMBER | |
| System control number | (Sirsi) u130027 |
| 041 ## - LANGUAGE CODE | |
| Language code of text/sound track or separate title | eng |
| 050 ## - LIBRARY OF CONGRESS CALL NUMBER | |
| Classification number | 333.912 |
| -- | 18 |
| 100 ## - MAIN ENTRY--PERSONAL NAME | |
| Personal name | Merrett, Stephen |
| 245 ## - TITLE STATEMENT | |
| Title | Intorduction to the economics of water resources |
| Remainder of title | an international perspective |
| 260 ## - PUBLICATION, DISTRIBUTION, ETC. | |
| Place of publication, distribution, etc. | London |
| Name of publisher, distributor, etc. | UCL Press |
| Date of publication, distribution, etc. | 1997 |
| 300 ## - PHYSICAL DESCRIPTION | |
| Extent | xv, 211p. |
| Dimensions | 24cm. |
| 520 ## - SUMMARY, ETC. | |
| Summary, etc. | This accessible text presents the economics of water supply and consumption studying the effects of water use by households, agriculture and industry on the natural environment. |
| 690 ## - LOCAL SUBJECT ADDED ENTRY--TOPICAL TERM (OCLC, RLIN) | |
| Topical term or geographic name as entry element | ENVIRONMENTAL AND LAND CONSULTANCY-WATER RESOURCE MANAGEMENT |
| 942 ## - ADDED ENTRY ELEMENTS (KOHA) | |
| Suppress in OPAC | 0 |
| Withdrawn status | Lost status | Source of classification or shelving scheme | Damaged status | Not for loan | Home library | Current library | Shelving location | Date acquired | Total Checkouts | Full call number | Barcode | Date last seen | Copy number | Price effective from | Koha item type |
|---|---|---|---|---|---|---|---|---|---|---|---|---|---|---|---|
| Dewey Decimal Classification | London | London | Books | 16/06/2005 | 333.912 MER | 30058645 | 06/08/2019 | 1 | 06/08/2019 | Book |